Länder Afrikas mit dem niedrigsten HDI - Statistiken

Allgemein
  • Dieses Quiz wurde 34 mal gespielt
  • Das Durchschnittsergebnis liegt bei 12 aus 16
Antwortstatistiken
HDI Land % Korrekt
0.388 Südsudan
91%
0.419 Mali
88%
0.419 Niger
88%
0.404 Somalia
88%
0.511 Sudan
88%
0.416 Tschad
88%
0.500 Guinea
84%
0.503 Eritrea
81%
0.414 Zentralafrikanische Republik
81%
0.459 Burkina Faso
78%
0.497 Äthiopien
75%
0.439 Burundi
75%
0.467 Sierra Leone
69%
0.493 Mosambik
59%
0.487 Madagaskar
56%
0.510 Liberia
50%
Keine übereinstimmenden Quizze gefunden
Verteilung der Resultate
Anzahl Personen mit jedem Resultat
Perzentil nach korrekt beantworteten Fragen
Ihre Resultats-Entwicklung
Sie haben dieses Quiz noch nicht gespielt